Stratigraphy and structure of the Rainier and USGS tunnel areas, Nevada test site /

Bibliographic Details
Corporate Authors: Geological Survey (U.S.), U.S. Atomic Energy Commission
Other Authors: Hansen, Wallace R., 1920-
Format: Government Document Book
Language:English
Published: Washington : U.S. Govt. Print. Off, 1963.
Series:Geologic investigations related to nuclear explosions.
Geological Survey professional paper ; 382-A.
Subjects:

MARC

Tag First Indicator Second Indicator Subfields
LEADER 00000cam a2200000 4500
001 in00002784896
005 20151202171857.0
008 700421s1963 dcuab b 001 0 eng
010 |a  72605562  
035 |a (OCoLC)ocm00066467 
035 |a (OCoLC)66467 
040 |a DLC  |c DLC  |d IAS  |d OCLCQ  |d UV$  |d BTCTA  |d OCLCG  |d UtOrBLW 
043 |a n-us-nv 
049 |a TXAM 
050 0 0 |a QE75  |b .P9 no. 382-A 
082 0 0 |a 550/.8 s 
086 0 |a I 19.16:382-A 
110 2 |a Geological Survey (U.S.) 
245 1 0 |a Stratigraphy and structure of the Rainier and USGS tunnel areas, Nevada test site /  |c by W.R. Hansen [and others]. 
264 1 |a Washington :  |b U.S. Govt. Print. Off,  |c 1963. 
300 |a vi, 49 pages :  |b illustrations, maps. ;  |c 29 cm. 
336 |a text  |b txt  |2 rdacontent 
337 |a unmediated  |b n  |2 rdamedia 
338 |a volume  |b nc  |2 rdacarrier 
490 1 |a Geologic investigations related to nuclear explosions 
490 1 |a Geological Survey professional paper 382-A 
500 |a "Prepared on behalf of the U.S. Atomic Energy Commission." 
500 |a Part of illustrative matter fold. in pocket. 
504 |a Bibliography: page 47. 
650 0 |a Geology, Stratigraphic  |y Tertiary. 
650 0 |a Geology  |z Nevada  |z Nevada Test Site. 
700 1 |a Hansen, Wallace R.,  |d 1920- 
710 2 |a U.S. Atomic Energy Commission. 
830 0 |a Geologic investigations related to nuclear explosions. 
830 0 |a Geological Survey professional paper ;  |v 382-A. 
948 |a cataloged  |b h  |c 2012/12/14  |d c  |e mvaldespin  |f 01:23:04 pm 
994 |a C0  |b TXA 
999 |a MARS 
999 f f |s b42343e8-c43f-3644-9d5d-501d642dbbe0  |i 21f92ba6-1ed3-3719-b714-3a6d3b0b824c  |t 0 
952 f f |p normal  |a Texas A&M University  |b College Station  |c Sterling C. Evans Library  |d Evans: US Documents (Annex 5th floor)  |t 0  |e I 19.16:382-A-385  |h Superintendent of Documents classification  |i unmediated -- volume  |m A14837789682 
952 f f |a Texas A&M University  |b College Station  |c Sterling C. Evans Library  |d Evans: US Documents (Annex 5th floor)  |t 0  |e I 19.16:382-A-385  |h Superintendent of Documents classification 
998 f f |a I 19.16:382-A-385  |t 0  |l Evans: US Documents (Annex 5th floor)